Neurology and Medicine: (Record no. 5260)

MARC details
000 -LEADER
fixed length control field 00579nam a22001937a 4500
003 - CONTROL NUMBER IDENTIFIER
control field OSt
005 - DATE AND TIME OF LATEST TRANSACTION
control field 20160921130914.0
008 - FIXED-LENGTH DATA ELEMENTS--GENERAL INFORMATION
fixed length control field 160921b xxu||||| |||| 00| 0 eng d
020 ## - INTERNATIONAL STANDARD BOOK NUMBER
International Standard Book Number 0727912240
040 ## - CATALOGING SOURCE
Transcribing agency DNLM.
082 ## - DEWEY DECIMAL CLASSIFICATION NUMBER
Classification number WL100N398 1999.
100 ## - MAIN ENTRY--PERSONAL NAME
Personal name Edited by Hughes,Rac;Perkin,GD;
9 (RLIN) 11081
245 ## - TITLE STATEMENT
Title Neurology and Medicine:
Remainder of title Journal of Neurology Neurosurgery and Psychiatry.
260 ## - PUBLICATION, DISTRIBUTION, ETC. (IMPRINT)
Place of publication, distribution, etc. London.
Name of publisher, distributor, etc. BMJ Publishing Group.
Date of publication, distribution, etc. 1999.
300 ## - PHYSICAL DESCRIPTION
Extent xiv,413p;
Other physical details ill;
Dimensions 24cm
504 ## - BIBLIOGRAPHY, ETC. NOTE
Bibliography, etc references and index are included.
650 ## - SUBJECT ADDED ENTRY--TOPICAL TERM
Topical term or geographic name as entry element Medicine.
9 (RLIN) 324
942 ## - ADDED ENTRY ELEMENTS (KOHA)
Source of classification or shelving scheme Other/Generic Classification Scheme
Koha item type Open Shelf
Holdings
Withdrawn status Lost status Source of classification or shelving scheme Damaged status Not for loan Home library Current library Date acquired Source of acquisition Inventory number Total Checkouts Full call number Barcode Date last seen Koha item type
    Other/Generic Classification Scheme     MUST Main Library MUST Main Library 21/09/2016 Donation. 03/18140   WL100N398 1999. 2016-4414 21/09/2016 Open Shelf
    Other/Generic Classification Scheme     MUST Main Library MUST Main Library 21/09/2016 Donation. 03/18137   WL100N398 1999. 2016-4415 21/09/2016 Open Shelf
    Other/Generic Classification Scheme     MUST Main Library MUST Main Library 21/09/2016 Donation. 2001/15038   WL100N398 1999. 2016-4416 21/09/2016 Open Shelf
    Other/Generic Classification Scheme     MUST Main Library MUST Main Library 21/09/2016 Donation. 03/18139   WL100N398 1999. 2016-4417 21/09/2016 Open Shelf
    Other/Generic Classification Scheme     MUST Main Library MUST Main Library 21/09/2016 Donation. 03/18135   WL100N398 1999. 2016-4418 21/09/2016 Open Shelf
    Other/Generic Classification Scheme     MUST Main Library MUST Main Library 21/09/2016 Donation. 03/18136   WL100N398 1999. 2016-4419 21/09/2016 Open Shelf